000 00791nam a2200253 a 4500
005 20240924070117.0
008 991125s1980 mx 000 0 spa u
020 _a9681602250 (10 dígitos)
020 _a9786071614704 (13 dígitos)
035 _aUPN01000034880
040 _aUPN
_bspa
_cUPN
049 _aCG
050 4 _aJC153 H6
_bL3.9 1980
100 1 _aHobbes, Thomas,
_d1588-1679
_928763
245 1 0 _aLeviatan :
_bo la materia, forma y poder de una República, eclesiástica y civil /
_cThomas Hobbes ; tr. Manuel Sánchez Sarto.
250 _a2a ed.
260 _aMéxico :
_bFCE,
_c1980.
300 _axxvii, 618 p.
650 4 _aEstado
_96019
651 7 _aGran Bretaña
_xHistoria
_yStuarts, 1603-1714
_945017
904 _b034881
905 _aLibro
942 _2lcc
_cLIBRO
999 _c34880
_d34880